00841cam a2200169 4500001000500000005001700005008004100022010001700063020001700080100002000097245007800117260006200195300002500257505031900282650003500601655003500636589820181127180517.0100514s2010 ii g 000 j eng d a 2010308159 a9781898846111 aCoelho, Venita.14aThe washer of the dead :ba collection of ghost stories /cVenita Coelho. aNew Delhi, India :bZubaan :bPenguin Books India,c2010. avi, 136 p. ;c20 cm.0 aDo you believe in ghosts -- The ghost who fell in love -- The ghost next door -- The wind-haunted village -- The special girl -- Spirits of silence -- Kanikha -- Possession -- Ave maria -- The exorcism -- The washer of the dead -- Jhok -- The naked ghost -- Child crying -- Long distance -- Sealed -- The sleepers. 0aGhost stories, Indic (English) 0aGhost stories, Indic (English)